Mathematical Methods (Record no. 536)

000 -LEADER
fixed length control field 00315 a2200109 4500
082 ## - DEWEY DECIMAL CLASSIFICATION NUMBER
Classification number 519.4 YUS
100 ## - MAIN ENTRY--PERSONAL NAME
Personal name S. M. Yusuf
245 ## - TITLE STATEMENT
Title Mathematical Methods
Statement of responsibility, etc. S. M. Yusuf, Muhammad Amin, Abdul Majeed
250 ## - EDITION STATEMENT
Edition statement 2 nd ed.
260 ## - PUBLICATION, DISTRIBUTION, ETC.
Place of publication, distribution, etc. Lahore :
Name of publisher, distributor, etc. Ilmi Kitab Khana,
Date of publication, distribution, etc. 2008
300 ## - PHYSICAL DESCRIPTION
Extent x, 554p. :
Other physical details ill ., ;
Dimensions 27 cm
650 ## - SUBJECT ADDED ENTRY--TOPICAL TERM
Topical term or geographic name entry element Mathematical Methods
Holdings
Withdrawn status Lost status Damaged status Not for loan Permanent Location Current Location Shelving location Date acquired Total Checkouts Total Renewals Full call number Barcode Date last seen Date last checked out Price effective from Koha item type
        School of Civil and Environmental Engineering (SCEE) School of Civil and Environmental Engineering (SCEE)     1 3 519.4 YUS NIT-4692 01/25/2022 10/28/2021 01/05/2017 Book
© 2023 Central Library, National University of Sciences and Technology. All Rights Reserved.